000 00513nam a2200145Ia 4500
008 260210s9999 xx 000 0 und d
024 _a12B-166-EL, 12B-134-EL, 11B-191-EL, 11B-125-EL
082 _a621.319 AHM
100 _aSyed Ahsan Ahmed, Muhammad Hammad, Huma Rauf & Arsalan Ahmed
110 _aEngr. Raza Jafri
245 2 _aA Novel Selective Switiching Scheme for Power Distribution System
260 _aKarachi:
_bUITU,
_c2012
600 _aElectrical Engineering
650 _aBachelor of Engineering (BE)
999 _c33172
_d33172